Socio - economic issues and sustainable fishery management a case study of Kerala (Record no. 2171)
[ view plain ]
| 000 -LEADER | |
|---|---|
| fixed length control field | 00669nam a22001697a 4500 |
| 005 - DATE AND TIME OF LATEST TRANSACTION | |
| control field | 20090805094252.0 |
| 008 - FIXED-LENGTH DATA ELEMENTS--GENERAL INFORMATION | |
| fixed length control field | 090805t xxu||||| |||| 00| 0 eng d |
| 080 ## - UNIVERSAL DECIMAL CLASSIFICATION NUMBER | |
| Universal Decimal Classification number | 639.2(548.3) |
| Item number | SUJ |
| 100 ## - MAIN ENTRY--PERSONAL NAME | |
| Personal name | Suja Ramakrishnan |
| 245 ## - TITLE STATEMENT | |
| Title | Socio - economic issues and sustainable fishery management a case study of Kerala |
| 300 ## - PHYSICAL DESCRIPTION | |
| Extent | 206p. |
| 653 ## - INDEX TERM--UNCONTROLLED | |
| Uncontrolled term | Fisheries |
| -- | Fishing |
| -- | Guide: Rajasenan, D. |
| 942 ## - ADDED ENTRY ELEMENTS (KOHA) | |
| item type | Theses |
| 260 ## - PUBLICATION, DISTRIBUTION, ETC. (IMPRINT) | |
| Place of publication, distribution, etc | Kochi |
| Name of publisher, distributor, etc | Dept. of Applied Economics - CUSAT |
| Date of publication, distribution, etc | 2003 |
| 500 ## - GENERAL NOTE | |
| General note | Guide: Rajasenan, D.<br/><br/>Thesis (Ph.D), CUSAT, 2003 |
| 260 ## - PUBLICATION, DISTRIBUTION, ETC. (IMPRINT) | |
| -- | 1608 |
| Lost status | Source of classification or shelving scheme | Not for loan | Home library | Current library | Date acquired | Total Checkouts | Full call number | Barcode | Date last seen | Price effective from | Koha item type |
|---|---|---|---|---|---|---|---|---|---|---|---|
| Universal Decimal Classification | University Library | University Library | 05/08/2009 | 639.2(548.3) SUJ | G0008503 | 05/08/2009 | 05/08/2009 | Theses |
